Handball-Weltmeister der Herren Sudden Death - Statistiken

Allgemein
  • Dieses Quiz wurde 456 mal gespielt
  • Das Durchschnittsergebnis liegt bei 6 aus 11
Answers on the Grid
Answers color-coded by a green-red scale on the quiz's grid according to % correct below.
Deutschland
USA
Dänemark
Tunesien
Argentinien
Sowjetunion
China
Jugoslawien
DDR
Israel
Rumänien
Schweden
Polen
Kroatien
Türkei
Russland
Nordmazedonien
Spanien
Belgien
Österreich
Ägypten
Nordkorea
Ukraine
Tschechoslowakei
Australien
Pakistan
Frankreich
Niederlande
 
Antwortstatistiken
Antwort % Korrekt
Deutschland
98%
Dänemark
81%
Frankreich
67%
Schweden
62%
Spanien
59%
Sowjetunion
52%
Kroatien
50%
Jugoslawien
48%
Russland
32%
Tschechoslowakei
29%
Rumänien
18%
Keine übereinstimmenden Quizze gefunden
Verteilung der Resultate
Anzahl Personen mit jedem Resultat
Perzentil nach korrekt beantworteten Fragen
Ihre Resultats-Entwicklung
Sie haben dieses Quiz noch nicht gespielt